Terrassa: libro de horas

Guardat en:
Dades bibliogràfiques
Autor principal: Barril, Joan (Autor)
Format: Llibre
Idioma:espanyol
anglès
Publicat: Barcelona Lunwerg 1998
Matèries:
Etiquetes: Afegir etiqueta
Sense etiquetes, Sigues el primer a etiquetar aquest registre!

MARC

LEADER 00000nam a2200000 a 4500
001 UCK2567
003 CL-VaPUC
008 050304e19980000SP |||||||||||||||||spa|d
020 |a 8477825394 
041 0 7 |a spa  |2 CL-VaPUC 
041 0 7 |a eng  |2 CL-VaPUC 
082 0 4 |a 720.946  |b BAR  |2 21 
100 0 |a Barril, Joan  |e author  |9 490484 
245 1 0 |a Terrassa: libro de horas 
300 |a 222 p 
942 |c BK 
945 |d 20050304 00:00:00  |a cmena 
260 |a Barcelona  |b Lunwerg  |c 1998 
500 |a Fotografías: Paco Elvira 
650 0 |a Arquitectura española  |9 341294 
650 0 |a Costumbres y tradiciones   |9 268292 
651 7 |a TERRASSA  |2 CL-VaPUC  |9 490485 
651 7 |a CATALUÑA  |2 CL-VaPUC  |9 331857 
651 0 |a España  |9 254926 
583 |a last modification  |c 20050304 00:00:00  |k Rodrigo Vera 
999 |c 312065  |d 312063 
952 |0 0  |1 0  |4 0  |6 720_946000000000000_BAR_1998  |7 0  |8 A  |9 381871  |a BIBHIS  |b BIBHIS  |d 2019-11-21  |i 4083547  |o 720.946 BAR 1998  |p 4083547  |r 2025-01-20  |w 2019-11-21  |y BK  |k HIS